000 00768nam a2200265Ia 4500
003 OSt
005 20220918174839.0
006 a|||||r|||| 00| 0
007 ta
008 220917b |||||||| |||| 00| 0 eng d
024 _a14,418
037 _cTextual
040 _aARTS
_cARTS
_beng
041 _2eng
_aeng
082 _aNT56,N5, M1
100 _aMazer Cary M.
_951986
245 0 _aShakespeare refashioned
_b Elizabethan plays on Edwardian stages
260 _aMichigan
_bUMI Research Press
_c1981
300 _axiii,267p. illus
_ccm.
490 _aTheater and dramatic studies; 5
500 _aBibliography 239-53p; Appendix 195-212p
650 _aARTS
942 _hNT56,N5, M1
_cTEXL
_2CC
999 _c154966
_d154966